| 000 | 00430nam a2200181Ia 4500 | ||
|---|---|---|---|
| 001 | 5023 | ||
| 005 | 20260306145837.0 | ||
| 008 | 260306t2004||||xx |||||||||||||| ||spa|| | ||
| 041 | _aESP | ||
| 082 |
_a332.6609747 _bG24 |
||
| 100 |
_aGarcía Nureña, Mirella _eAUT |
||
| 245 | 0 | _aWall Street está al alcance | |
| 260 | _c2004 | ||
| 300 |
_a319 páginas : _ccm. |
||
| 650 | _aGEN | ||
| 654 | _aCAN | ||
| 942 |
_cLIB _dJUS _fJUS _2ddc _n |
||
| 999 |
_c5023 _d5023 |
||